Pendapat rakjat Djawa Barat di pedesaan tentang tata masjarakat jang di inginkan dari sudut-ekonomi. (Record no. 88760)

MARC details
000 -LEADER
fixed length control field 00754cam a22002291 4500
001 - CONTROL NUMBER
control field sa 68018994
003 - CONTROL NUMBER IDENTIFIER
control field DLC
005 - DATE AND TIME OF LATEST TRANSACTION
control field 20260227112716.0
008 - FIXED-LENGTH DATA ELEMENTS--GENERAL INFORMATION
fixed length control field 760120s1965 io 000 0 ind
010 ## - LIBRARY OF CONGRESS CONTROL NUMBER
LC control number sa 68018994
035 ## - SYSTEM CONTROL NUMBER
System control number (OCoLC)1937509
040 ## - CATALOGING SOURCE
Original cataloging agency DLC
Transcribing agency OAU
Modifying agency DLC
042 ## - AUTHENTICATION CODE
Authentication code premarc
050 00 - LIBRARY OF CONGRESS CALL NUMBER
Classification number HN710.D53
Item number H3
100 1# - MAIN ENTRY--PERSONAL NAME
Personal name Hady, Hariri.
245 10 - TITLE STATEMENT
Title Pendapat rakjat Djawa Barat di pedesaan tentang tata masjarakat jang di inginkan dari sudut-ekonomi.
260 ## - PUBLICATION, DISTRIBUTION, ETC.
Place of publication, distribution, etc. Djakarta,
Name of publisher, distributor, etc. Lembaga Ekonomi dan Kemasjarakatan Nasional,
Date of publication, distribution, etc. 1965.
300 ## - PHYSICAL DESCRIPTION
Extent 40 p.
Dimensions 28 cm.
651 #0 - SUBJECT ADDED ENTRY--GEOGRAPHIC NAME
Geographic name Jawa Barat (Indonesia)
General subdivision Social conditions.
650 #0 - SUBJECT ADDED ENTRY--TOPICAL TERM
Topical term or geographic name entry element Public opinion
Geographic subdivision Indonesia
-- Jawa Barat.
651 #0 - SUBJECT ADDED ENTRY--GEOGRAPHIC NAME
Geographic name Jawa Barat (Indonesia)
General subdivision Economic conditions.

No items available.

Powered by Koha